000 00943nam a2200265Ia 4500
003 OSt
005 20221005112900.0
006 a|||||r|||| 00| 0
007 ta
008 221004b |||||||| |||| 00| 0 pan d
020 _a9789384402754 (hbk)
_cINR 275.00
024 _a35762
037 _b1005, 13/11/2017, H.K. Prakashan
_cTextual
040 _aCRL
_cCRL
_bpan
041 _2pan
_apan
082 _aO153,3NWAx, Q6
100 _aਵਾਲੀਆ, ਵਰਿੰਦਰ, ਂਚ.
245 0 _aਰੁੱਖਾਂ ਦੀ ਦਾਸਤਾਨ
260 _aਦਿੱਲੀ
_bਐਵਿਸ ਪਬਲੀਕੇFਨਗ਼ ਭਾਰਤ
_c2016
300 _a112ਪੰ
_ccm.
650 _a ਪੰਜਾਬੀ ਕਹਾਣੀ
650 _aਪੰਜਾਬੀ ਸਾਹਿਤ
942 _hO153,3NWAx, Q6
_cTEXL
_2cc
999 _c1026304
_d1026304